000 00791nam a22002297a 4500
005 2010071507347.0
008 100715t xxu||||| |||| 00| 0 eng d
010 _aENG-96405
020 _c325.00
_a9788120340664
035 _aEN-79938
037 _bDBAD / PUB
040 _aDpl
_bEng
082 _a333.92
100 _aSiraj Ahmed
245 _aWind energy :
_cby Siraj Ahmad
_btheory and practice /
260 _aNew Delhi
_bPrentice Learning
_c2010
270 _bNew Delhi
_e110 001
_aM-97, Connaught Circus
300 _axv,292 p.
_c24cm (pbk )
500 _aincludes index
942 _adpl
_cEN
_2ddc
_h333.92
_mSIR
999 _c36963
_d36963